00743nam a2200241Ia 450000500170000000800410001704000190005804100120007708200160008910000200010524500600012526000460018530000300023150400360026163000110029763000170030865000170032565100240034285000100036694200070037699900160038395201020039920230622085200.0131103s9999 xx 000 0 und d aLoreto College aEnglish a301.42bROS aRoss, Aileen D. 4aThe hindu family in its urban setting cAileen D. Ross a[s.l.]bUniversity of Toronto Pressc1961 axiv,325 p.b ill., tables aIncludes bibliography and index aFamily aUrban Family aUrban Family aMarriage and Family aLCLIB cBK c3076d53555 00102ddc4070aMAINbMAINd2013-11-04l0o301.42 ROS 17364pB2938r2017-04-21w2013-11-04yBKf